000 00849nam a2200217 4500
001 148153
003 ES-MaACL
005 20240224063112.0
007 t|
008 070214s1931 fr r ||||1| fre d
100 1 _aStalin, Iosif Vissarionovich,
_d1879-1953
_9107862
245 1 0 _aDiscours sur le plan quinquenal
_b: contenant les discours du 28 mai 1930 et du 23 juin 1931 /
_cIosif Vissarionovich Stalin ; Traduit du russe par N. Trouhanova Ignatief ; avec deux préfaces de Georges Valois.
260 _aParis :
_bValois,
_c1931.
300 _a201 p. ;
_c21 cm.
490 1 _aBibliothèque économique universelle
700 1 _aTrouhanova Ignatief, N.
_9111522
700 1 _aValois, Georges.
_9112977
830 0 _aBibliothèque économique universelle
_9220980
852 _aES-MaACL
_jA-499
999 _c148153
_d148153